000 00703nam a2200289Ia 4500
005 20260324142456.0
008 008 260324s9999 xx 000 0 eng d
020 _a9781315286976
037 _aEBOOK
040 _aCRL
040 _beng
040 _cCRL
041 _2eng
041 _aeng
084 _qCRL
100 _aAlan M. Wachman
_91212077
245 0 _aTaiwan: National Identity and Democratization
245 0 _bNational Identity and Democratization
260 _bTaylor and Francis
260 _c1994
365 _a
365 _b290
856 _uhttp://www.taylorfrancis.com/books/9781315286976
942 _cEBOOK
999 _c1816319
_d1816319